<?xml version="1.0" encoding="UTF-8"?><?xml-stylesheet type="text/xsl" href="static/style.xsl"?><OAI-PMH xmlns="http://www.openarchives.org/OAI/2.0/" xmlns:xsi="http://www.w3.org/2001/XMLSchema-instance" xsi:schemaLocation="http://www.openarchives.org/OAI/2.0/ http://www.openarchives.org/OAI/2.0/OAI-PMH.xsd"><responseDate>2026-04-26T21:58:57Z</responseDate><request verb="GetRecord" identifier="oai:uvadoc.uva.es:10324/52486" metadataPrefix="marc">https://uvadoc.uva.es/oai/request</request><GetRecord><record><header><identifier>oai:uvadoc.uva.es:10324/52486</identifier><datestamp>2022-03-16T21:51:10Z</datestamp><setSpec>com_10324_38</setSpec><setSpec>col_10324_787</setSpec></header><metadata><record xmlns="http://www.loc.gov/MARC21/slim" xmlns:doc="http://www.lyncode.com/xoai" xmlns:xsi="http://www.w3.org/2001/XMLSchema-instance" xmlns:dcterms="http://purl.org/dc/terms/" xsi:schemaLocation="http://www.loc.gov/MARC21/slim http://www.loc.gov/standards/marcxml/schema/MARC21slim.xsd">
<leader>00925njm 22002777a 4500</leader>
<datafield tag="042" ind1=" " ind2=" ">
<subfield code="a">dc</subfield>
</datafield>
<datafield tag="720" ind1=" " ind2=" ">
<subfield code="a">Tejedor Galiano, María</subfield>
<subfield code="e">author</subfield>
</datafield>
<datafield tag="260" ind1=" " ind2=" ">
<subfield code="c">2021</subfield>
</datafield>
<datafield tag="520" ind1=" " ind2=" ">
<subfield code="a">Este trabajo de fin de Máster de la especialidad de Geografía e Historia e Historia del arte, propone una programación didáctica anual para la asignatura de Geografía e Historia del curso 1º de ESO en el marco de la EDU/362/2015, de 4 de mayo, por la que se establece el currículo y se regula la implantación, evaluación y desarrollo de la educación secundaria obligatoria en la Comunidad de Castilla y León, la cual desarrolla la LOMCE, adaptándola a las necesidades educativas de la Comunidad Autónoma.&#xd;
Se desarrollarán los contenidos, criterios y estándares que ayudarán al alumno en su camino de aprendizaje a través de una metodología en la que sea él el instrumento activo y protagonista de su proceso de evaluación.&#xd;
Además, se desarrollará como Unidad Didáctica modelo la Unidad número 4, Las estructuras del relieve en España, la cual se plantea en torno a la Webquest.</subfield>
</datafield>
<datafield tag="024" ind2=" " ind1="8">
<subfield code="a">https://uvadoc.uva.es/handle/10324/52486</subfield>
</datafield>
<datafield tag="245" ind1="0" ind2="0">
<subfield code="a">Propuesta de programación didáctica para la asignatura de Geografía e Historia en 1º de la ESO: Las estructuras del relieve de España</subfield>
</datafield>
</record></metadata></record></GetRecord></OAI-PMH>